LEADER 02585nam 22005894a 450 001 9910450398303321 005 20200520144314.0 010 $a1-281-97457-9 010 $a9786611974572 010 $a1-4175-5409-6 010 $a1-934559-25-3 035 $a(CKB)1000000000242732 035 $a(EBL)289769 035 $a(OCoLC)228129177 035 $a(SSID)ssj0000206746 035 $a(PQKBManifestationID)11189076 035 $a(PQKBTitleCode)TC0000206746 035 $a(PQKBWorkID)10237238 035 $a(PQKB)10666402 035 $a(MiAaPQ)EBC289769 035 $a(Au-PeEL)EBL289769 035 $a(CaPaEBR)ebr10118504 035 $a(CaONFJC)MIL197457 035 $a(EXLCZ)991000000000242732 100 $a20020725d2002 uy 0 101 0 $aeng 135 $aur|n|---||||| 181 $ctxt 182 $cc 183 $acr 200 10$aMultiple sclerosis$b[electronic resource] $epsychosocial and vocational interventions /$fRobert T. Fraser, David C. Clemmons, Francie Bennett 210 $aNew York $cDemos Medical Pub.$dc2002 215 $a1 online resource (191 p.) 300 $aDescription based upon print version of record. 311 $a1-888799-59-5 320 $aIncludes bibliographical references and index. 327 $t1. Multiple sclerosis /$rClemmons --$t2. Neuropsychological concerns /$rClemmons --$t3. Vocational rehabiliation interventions /$rFraser -- $t4. Psychosocial issues and interventions /$rBennett. 330 $aThis book provides a practical perspective on cognitive concerns and their relationship to vocational and psychosocial adjustment issues for people with multiple sclerosis (MS). It also provides practical approaches to rehabilitation, vocational, and psychosocial interventions, with illustrative case studies. Of particular note is that all tables, figures, and case study material complement the text and can be used for PowerPoint slides or overheads in training programs for allied health personnel. Of particular interest are discussions of the cognitive issues in MS, which have not previously 606 $aMultiple sclerosis$xPatients$xRehabilitation 608 $aElectronic books. 615 0$aMultiple sclerosis$xPatients$xRehabilitation. 676 $a616.8/34 700 $aFraser$b Robert T$01051362 701 $aClemmons$b David Charles$01051363 701 $aBennett$b Francie$01051364 801 0$bMiAaPQ 801 1$bMiAaPQ 801 2$bMiAaPQ 906 $aBOOK 912 $a9910450398303321 996 $aMultiple sclerosis$92481834 997 $aUNINA LEADER 01432nas 2200493- 450 001 996336263903316 005 20210111025636.3 011 $a2002-3294 035 $a(OCoLC)972035334 035 $a(CKB)3710000001069019 035 $a(CONSER)--2020204347 035 $a(MiAaPQ)3933219 035 $a(DE-599)ZDB2912034-2 035 $a(EXLCZ)993710000001069019 100 $a20161026b20162019 --- a 101 0 $aeng 135 $aurunu|||||||| 181 $ctxt$2rdacontent 182 $cc$2rdamedia 183 $acr$2rdacarrier 200 00$aClaustrum 210 1$a[Järfälla, Sweden] :$cCo-Action Publishing,$d2016-2019. 210 31$a[Abingdon] :$cInforma UK Limited, trading as Taylor & Francis Group 300 $aRefereed/Peer-reviewed 606 $aBrain$xAnatomy$vPeriodicals 606 $aClaustrum$vPeriodicals 606 $aBasal Ganglia 606 $aBrain$xanatomy & histology 606 $aNeurosciences 606 $aBrain$xAnatomy$2fast$3(OCoLC)fst00837578 606 $aClaustrum$2fast$3(OCoLC)fst00863779 608 $aPeriodicals.$2fast 615 0$aBrain$xAnatomy 615 0$aClaustrum 615 12$aBasal Ganglia. 615 12$aBrain$xanatomy & histology. 615 12$aNeurosciences. 615 7$aBrain$xAnatomy. 615 7$aClaustrum. 676 $a611.81 906 $aJOURNAL 912 $a996336263903316 996 $aClaustrum$91976689 997 $aUNISA